| 000 | 01103nam a2200265 a 4500 | ||
|---|---|---|---|
| 001 | 000082339 | ||
| 003 | AM-YEHGA | ||
| 005 | 20250617121902.0 | ||
| 008 | 980910s1990 ru |||||||||||||||||rus d | ||
| 020 | _a5286006094 | ||
| 040 | _aAM-YeHGA | ||
| 041 | 0 | _arus | |
| 100 | 1 | _aАверьянов, Вячеслав Григорьевич | |
| 245 | 1 | 0 |
_aГляциоклиматология Антарктиды / _cВ. Г. Аверьянов ; Под ред. Е. С. Короткевича ; Аркт. и Антаркт. НИИ. |
| 260 |
_aЛенинград : _bГидрометеоиздат, _c1990. |
||
| 300 |
_a197,[1] с. _bил. ; _c22 см. |
||
| 504 | _aБиблиогр.: с. 180-198 (365 назв.) | ||
| 650 | 1 | 4 |
_aГляциоклиматология _xАнтарктида |
| 653 | 1 | _aВлияние на климат | |
| 653 | 1 | _aЛедники | |
| 700 | 1 |
_aКороткевич, Е. С. _eред. _4edt |
|
| 710 | 2 | _aАрктический и антарктический научно-исследовательский институт | |
| 942 |
_2udc _cBK |
||
| 090 | _c25862 | ||
| 999 |
_c25557 _d25557 |
||